000 01890 a2200613 4500
001 OJ-cm-2312
003 FrMaCLE
005 20251214085520.0
007 cu ||||||m||||
008 161207e||||||||xx |||||s|||||||||0|fr|d
040 _aFR-FrMaCLE
100 1 _aBergeron, Yves
245 1 0 _aObjets, phares des musées canadiens :
_bEntre pratiques muséales et enjeux identitaires.
260 _c2016
540 _aCC-BY-ND-4.0
_uhttps://creativecommons.org/licenses/by-nd/4.0/
650 4 _amusée
650 4 _apatrimoine
650 4 _amusée Redpath
650 4 _aUniversité du Québec à Montréal
650 4 _aLoup-garou 1
650 4 _aMomie de Thèbes
650 4 _amusée du Parc de Miguasha
650 4 _aMusée McCord
650 4 _aarchives photographiques
650 4 _aMarius Dufresne
650 4 _aAlfred Laliberté
650 4 _aFrère Marie-Victorin
650 4 _aex-voto
650 4 _aCentre canadien d'architecture de Montréal
650 4 _aMusée d’art contemporain de Montréal
650 4 _aJames Tissot
650 4 _aMusée canadien des civilisations
650 4 _aÉtoile du matin
650 4 _aMusée des beaux-arts de Montréal
650 4 _aToi Moko
650 4 _aInsectarium
650 4 _amonarque
650 4 _aCentre des Sciences de Montréal
650 4 _aRosa Luxemburg
650 4 _aMusée National des Beaux-Arts de Québec
650 4 _aBiodôme
650 4 _aMaurice Richard
650 4 _aHockey
650 4 _aSerge Lemoyne
650 4 _afrère André
650 4 _apatrimoine religieux
650 4 _aMaison Cartier
650 4 _aÉcomusée du fier monde
650 4 _adrapeau acadien
650 4 _aMusée du Château Dufresne
700 1 _aGoulet, Marie-Ève
700 1 _aRodrigues, Catia
856 4 _uhttps://journals.openedition.org/cm/2312
_yObjets, phares des musées canadiens
999 _c23909
_d23909